00426nam a2200109Ia 4500020001800000082001600018245012900034260005800163300001500221650006100236700001900297 a971-1022-52-4 aRR 506 DIR; 0aDirectory of institutions and scientists in the ASEAN region involved in research and/or management related to coastal areas aManilabInternational Centre for Living Aquaticc1989 axix, 373p. aInstitutions and scientists - Directories - ASEAN Region aThia-Eng, Chua